000 00434nam a2200181Ia 4500
001 13536
005 20260306164808.0
008 260306t2008||||xx |||||||||||||| ||spa||
041 _aESP
082 _a004.6
_bP87
100 _aPonz Tienza, José Luis
_eAUT
245 0 _aProject management con redes PERT
260 _c2008
300 _a276 páginas :
_c24 cm.
650 _aGEN
654 _aCCC
942 _cLIB
_dJUS
_fJUS
_2ddc
_n
999 _c13536
_d13536